| 000 | 00688nam a2200181Ia 4500 | ||
|---|---|---|---|
| 008 | 151202s9999||||xx |||||||||||||| ||und|| | ||
| 082 | _bPNVM-46815 | ||
| 100 | _aनाईकनवरे विश्वास. | ||
| 245 | _aतिरपी टोपी ताठ मान. | ||
| 260 | _b"कान्टिनेंटल प्रकाशन,पुणे." | ||
| 260 | _c2006 | ||
| 300 | _a416 | ||
| 600 | _aनाईकनवरे विश्वास. | ||
| 630 | _aतिरपी टोपी ताठ मान. | ||
| 700 | _aनाईकनवरे विश्वास. | ||
| 730 | _aतिरपी टोपी ताठ मान. | ||
| 942 | _cBOOK | ||
| 999 |
_c1312765 _d1312762 |
||